Hernán Cortés / (Record no. 184203)

MARC details
000 -LEADER
campo de control de longitud fija 00771nam a2200217 i 4500
001 - NÚMERO DE CONTROL
campo de control 184203
003 - IDENTIFICADOR DE NÚMERO DE CONTROL
campo de control ES-MaACL
005 - FECHA Y HORA DE LA ÚLTIMA TRANSACCIÓN
campo de control 20251002201743.0
008 - DATOS DE LONGITUD FIJA--INFORMACIÓN GENERAL
campo de control de longitud fija 150504s1969 sp ao |||| |bspa d
080 ## - NÚMERO DE LA CLASIFICACIÓN DECIMAL UNIVERSAL
Número de la Clasificación Decimal Universal 929 Cortés, Hernán
100 1# - ENTRADA PRINCIPAL--NOMBRE DE PERSONA
Nombre de persona Bosi, Roberto.
9 (RLIN) 30691
245 10 - MENCIÓN DEL TÍTULO
Título Hernán Cortés /
Mención de responsabilidad, etc. texto de Roberto Bosi ; traducción y adaptación de Darío Valcárcel Lezcano.
260 ## - PUBLICACIÓN, DISTRIBUCIÓN, ETC.
Lugar de publicación, distribución, etc. Madrid :
Nombre del editor, distribuidor, etc. Prensa Española,
Fecha de publicación, distribución, etc. [1969]
300 ## - DESCRIPCIÓN FÍSICA
Extensión 75 p. :
Otras características físicas il. col. y n. ;
Dimensiones 29 cm.
490 1# - MENCIÓN DE SERIE
Mención de serie Grandes de todos los tiempos
598 ## - NOTA LOCAL
Nota local Publicación mensual; ag. 1969.
600 14 - PUNTO DE ACCESO ADICIONAL DE MATERIA--NOMBRE DE PERSONA
Nombre de persona Cortés, Hernán,
Fechas asociadas al nombre 1485-1547-
Subdivisión general Biografías
9 (RLIN) 40854
830 1# - PUNTO DE ACCESO ADICIONAL DE SERIE-TÍTULO UNIFORME
Título uniforme Grandes de todos los tiempos
9 (RLIN) 184021
852 4# - LOCALIZACIÓN
Ubicación ES-MaACL
Número de control de estantería E-15603
Nota libre - Enc. cart.
Holdings
Estatus retirado Estado de pérdida Estado de daño No para préstamo Biblioteca de origen Biblioteca actual Ubicación en estantería Fecha de adquisición Fuente de adquisición Total de préstamos Signatura topográfica completa Código de barras Visto por última vez Precio de reemplazo Tipo de ítem Koha
        Biblioteca del Ateneo de Madrid Biblioteca del Ateneo de Madrid Depósito 2 04/05/2015     E-15603 1193763 23/02/2023 23/02/2023 Libro impreso